Kindling the spark : (Record no. 48210)
[ view plain ]
| 000 -LEADER | |
|---|---|
| fixed length control field | 01085cam a2200337 a 4500 |
| 001 - CONTROL NUMBER | |
| control field | 25509486 |
| 003 - CONTROL NUMBER IDENTIFIER | |
| control field | OCoLC |
| 005 - DATE AND TIME OF LATEST TRANSACTION | |
| control field | 20191004085425.0 |
| 008 - FIXED-LENGTH DATA ELEMENTS--GENERAL INFORMATION | |
| fixed length control field | 920228s1992 mnum a 0 0 eng |
| 010 ## - LIBRARY OF CONGRESS CONTROL NUMBER | |
| LC control number | 92011543 |
| 020 ## - INTERNATIONAL STANDARD BOOK NUMBER | |
| International Standard Book Number | 0806626259 (pbk. : alk. paper) |
| 040 ## - CATALOGING SOURCE | |
| Original cataloging agency | DLC |
| Transcribing agency | DLC |
| Modifying agency | VFL |
| 043 ## - GEOGRAPHIC AREA CODE | |
| Geographic area code | n-cn--- |
| -- | n-us--- |
| 049 ## - LOCAL HOLDINGS (OCLC) | |
| Holding library | VFLL |
| 100 1# - MAIN ENTRY--PERSONAL NAME | |
| Personal name | Sorensen, David Allen, |
| Dates associated with a name | 1953- |
| 245 10 - TITLE STATEMENT | |
| Title | Kindling the spark : |
| Remainder of title | a dialog with Christian teachers on their work / |
| Statement of responsibility, etc | David Allen Sorensen and Barbara DeGrote-Sorensen. |
| 260 ## - PUBLICATION, DISTRIBUTION, ETC. (IMPRINT) | |
| Place of publication, distribution, etc | Minneapolis, MN : |
| Name of publisher, distributor, etc | Augsburg Fortress, |
| Date of publication, distribution, etc | c1992. |
| 300 ## - PHYSICAL DESCRIPTION | |
| Extent | 128 p. ; |
| Dimensions | 22 cm. |
| 336 ## - CONTENT TYPE | |
| Content Type Term | text |
| 337 ## - MEDIA TYPE | |
| Media Type Term | unmediated |
| 338 ## - CARRIER TYPE | |
| Carrier Type Term | volume |
| 440 #4 - SERIES STATEMENT/ADDED ENTRY--TITLE | |
| Title | The Christian at work in the world. |
| 650 #0 - SUBJECT ADDED ENTRY--TOPICAL TERM | |
| Topical term or geographic name as entry element | Teaching |
| General subdivision | Religious aspects |
| -- | Christianity. |
| 650 #0 - SUBJECT ADDED ENTRY--TOPICAL TERM | |
| Topical term or geographic name as entry element | Christian teachers |
| Geographic subdivision | United States |
| General subdivision | Religious life. |
| 650 #0 - SUBJECT ADDED ENTRY--TOPICAL TERM | |
| Topical term or geographic name as entry element | Christian teachers |
| Geographic subdivision | Canada |
| General subdivision | Religious life. |
| 650 #0 - SUBJECT ADDED ENTRY--TOPICAL TERM | |
| Topical term or geographic name as entry element | Teachers |
| Form subdivision | Interviews. |
| 700 1# - ADDED ENTRY--PERSONAL NAME | |
| Personal name | DeGrote-Sorensen, Barbara, |
| Dates associated with a name | 1954- |
| 907 ## - LOCAL DATA ELEMENT G, LDG (RLIN) | |
| a | .b12124345 |
| 930 ## - EQUIVALENCE OR CROSS-REFERENCE-UNIFORM TITLE HEADING [LOCAL, CANADA] | |
| Uniform title | LB1027.2 |
| 942 ## - ADDED ENTRY ELEMENTS (KOHA) | |
| Source of classification or shelving scheme | Library of Congress Classification |
| Item type | Books |
| Withdrawn status | Lost status | Source of classification or shelving scheme | Damaged status | Not for loan | Home library | Current library | Shelving location | Date acquired | Inventory number | Total Checkouts | Full call number | Barcode | Date last seen | Price effective from | Koha item type |
|---|---|---|---|---|---|---|---|---|---|---|---|---|---|---|---|
| Library of Congress Classification | BSOP Library | BSOP Library | GC | 10/04/2019 | 21426 | LB1027.2 So6 | 00020169 | 10/04/2019 | 10/04/2019 | Books |
